مضا مين منٹو :ا يک تنقيد ي مطا لعہ (Record no. 166531)
[ view plain ]
| 000 -LEADER | |
|---|---|
| fixed length control field | 00694nam a22001937a 4500 |
| 005 - DATE AND TIME OF LATEST TRANSACTION | |
| control field | 20190726150939.0 |
| 010 ## - LCCN (DPL NO) | |
| LC control number | UR-10296 |
| 020 ## - INTERNATIONAL STANDARD BOOK NUMBER | |
| Terms of availability | 200.00 |
| International Standard Book Number | 9789388105828 |
| 035 ## - SYSTEM CONTROL NUMBER | |
| System control number | U-8851 |
| 037 ## - SOURCE OF ACQUISITION | |
| Source of stock number/acquisition | DBAD/PUB |
| 082 ## - DEWEY DECIMAL CLASSIFICATION NUMBER | |
| Classification number | 844.08 |
| 100 ## - MAIN ENTRY--PERSONAL NAME | |
| Personal name | ر و شن آ ر ا |
| 245 ## - TITLE STATEMENT | |
| Title | مضا مين منٹو :ا يک تنقيد ي مطا لعہ |
| Statement of responsibility, etc | ر و شن آ ر ا |
| 246 ## - VARYING FORM OF TITLE | |
| Remainder of title | Mazameen -e-Manto;Ek Tanqidi Mutalia (Urdu) |
| Title proper/short title | by Dr.Roshan Ara |
| 260 ## - PUBLICATION, DISTRIBUTION, ETC. (IMPRINT) | |
| Place of publication, distribution, etc | Delhi |
| Name of publisher, distributor, etc | Educational Publishing House |
| Date of publication, distribution, etc | 2018 ء |
| 270 ## - ADDRESS | |
| Address | 3191,Vakil Street,Kucha Pandit Lal Kuan, |
| City | Delhi |
| Postal code | 110006 |
| Telephone number | 23216162 |
| Fax number | 0091-1123211540 |
| 300 ## - PHYSICAL DESCRIPTION | |
| Extent | 180 ص |
| Dimensions | 22 Cm(Hb) |
| 942 ## - ADDED ENTRY ELEMENTS (KOHA) | |
| Source of classification or shelving scheme | Dewey Decimal Classification |
| Item type | Urdu Bks |
| Classification part | 844 |
| Call number suffix | ر و ش |
| Withdrawn status | Lost status | Not for loan | Collection code | Home library | Current library | Date acquired | Source of acquisition | Cost, normal purchase price | Full call number | Barcode | Copy number | Cost, replacement price | Koha item type |
|---|---|---|---|---|---|---|---|---|---|---|---|---|---|
| Not For Loan | Non-fiction | D.B.Act.Division | D.B.Act.Division | 26/07/2019 | DBAD/PUB | 200.00 | 844 ر و ش | U-8851 | 1 | 200.00 | Urdu Bks |
